Statistics for The Number One in 20 Languages

Click here to take the quiz!

General Stats

  • This quiz has been taken 82 times
  • The average score is 9 of 20

Answer Stats

OneLanguage% Correct
unoSpanish
Italian
90%
einsGerman
85%
unFrench
82%
ένας enasGreek
76%
하나 hanaKorean
70%
eenDutch
Afrikaans
65%
yiChinese
55%
birAzerbaijani
Turkish
46%
един edinBulgarian
39%
jedanBosnian
Croatian
37%
yksiFinnish
37%
ceannIrish
37%
адзін adzinBelarussian
35%
jedenCzech
35%
egyHungarian
35%
enDanish
Norwegian
Swedish
34%
njëAlbanian
27%
einnIcelandic
25%
satuIndonesian
Malay
21%
tahiMaori
11%

Score Distribution

Percentile by Number Answered

Percent of People with Each Score

Your Score History

You have not taken this quiz